| 000 | 01008nas a2200265 4500 | ||
|---|---|---|---|
| 001 | BR8500573 | ||
| 003 | BR-BrBNA | ||
| 005 | 20231205090109.0 | ||
| 007 | ta | ||
| 008 | 230509b bl.|||p| |||| 00| 00por d | ||
| 040 |
_aBR-BrBNA _bpor _cBiblioteca Nacional de Agricultura |
||
| 041 | _a(Pt) | ||
| 072 | _aL10 | ||
| 100 | 1 | _aGonzales, C.I.M. | |
| 100 | 1 | _aNeves, J.P. | |
| 245 | 1 |
_aAvaliacao biologica e determinacao da frutose e acido citrico no plasma seminal ovino em diferentes tempos de incubacao do semen a +37 graus C _bParte de tese |
|
| 246 | 1 |
_aBiological assessment and determination of fructose and citric acid in ovine seminal plasma in different incubation times of the semen at +37 C _b[Part of thesis] |
|
| 650 | _aOVINO | ||
| 650 | _aSEMEN | ||
| 650 | _aFRUTOSE | ||
| 650 | _aACIDO CITRICO | ||
| 773 | 0 |
_tRevista Brasileira de Reproducao Animal (Brazil) _xISSN 0102-0803 _g(1984), v. 8(3) p. 166-173 _wBR8500573 |
|
| 909 |
_a202311 _bLúcia _c55 _dLúcia Elande |
||
| 942 |
_2AGRIS _n0 _cANA |
||
| 999 |
_c116131 _d116131 |
||